书目信息 |
| 题名: |
外国电影剧本丛刊
|
|
| 作者: | ;中国电影出版社 编 | |
| 分册: | 11 个人问题访问记,做女儿的和做母亲的,不幸 | |
| 出版信息: | 北京 中国电影出版社 1982.4 |
|
| 页数: | 216页 | |
| 开本: | 20cm | |
| 丛书名: | ||
| 单 册: | ||
| 中图分类: | I13 | |
| 科图分类: | ||
| 主题词: | 戏剧文学--作品集--世界 | |
| 电子资源: | ||
| ISBN: | ||
| 000 | 00758nam0 2200193 45 | |
| 001 | 0312221749 | |
| 005 | 20060921094808.00 | |
| 010 | @dCNY0.70 | |
| 100 | @a20031222d1982 km y0chiy0120 ea | |
| 101 | @achi | |
| 200 | 1 | @a外国电影剧本丛刊@Awai guo dian ying ju ben cong kan@h11@i个人问题访问记,做女儿的和做母亲的,不幸@f中国电影出版社编@Fzhong guo dian ying chu ban she bian |
| 210 | @a北京@c中国电影出版社@d1982.4 | |
| 215 | @a216页@d20cm | |
| 517 | 1 | @a个人问题访问记,做女儿的和做母亲的,不幸@Age ren wen ti fang wen ji,zuo nu er de he zuo mu qin de,bu xing |
| 606 | 0 | @a戏剧文学@x作品集@x世界 |
| 690 | @aI13@v3 | |
| 711 | 0 | @a中国电影出版社@Azhong guo dian ying chu ban she@4编 |
| 801 | @aCN@bTSTCL@c20060921 | |
| 905 | @a213230@dI13@e14:11@b80002@f1@b80001@f1 | |
| 外国电影剧本丛刊.11.个人问题访问记,做女儿的和做母亲的,不幸/中国电影出版社编.-北京:中国电影出版社,1982.4 |
| 216页;20cm |
| ISBN :CNY0.70 |
| ● |
| 相关链接 |
|
|
|
|
正题名:外国电影剧本丛刊
索取号:I13/14:11
 
预约/预借
| 序号 | 登录号 | 条形码 | 馆藏地/架位号 | 状态 | 备注 |
| 1 | 0080000 | 202186231 | 密集书库/ [索取号:I13/14:11] | 在馆 | |
| 2 | 0080002 | 000052392 | 第一样本阅览室/ [索取号:I13/14:11] | 在馆 | |
| 3 | 0422147 | 204221476 | 密集书库/ [索取号:I13/14:11] | 在馆 | |
| 4 | 0422148 | 204221485 | 密集书库/ [索取号:I13/14:11] | 在馆 | |
| 5 | 8000100 | 52800 | 第二借阅区/ [索取号:I13/14:11] | 在馆 |